Avrupa Birliğine giriş sürecinde Türkiye Cumhuriyeti Anayasası ve kadın-erkek eşitliği politikaları paneli (Record no. 4635)

MARC details
000 -BAŞLIK
Sabit Uzunlukta Kontrol Alanı 00996na a2200253 4500
001 - KONTROL NUMARASI
Denetim Alanı 13226
003 - KONTROL NUMARASI IDENTIFIER
Denetim Alanı MIRAKIL
005 - SON İŞLEM TARİHİ VE ZAMANI
Denetim Alanı 20181213155013.0
008 - SABİT-BOY VERİ ELEMANLARI - GENEL BİLGİLER
Sabit Uzunlukta Kontrol Alanı 161012b tu 000 0
020 ## - ULUSLARARASI STANDART KİTAP NUMARASI
Uluslararası Standart Kitap Numarası 9751926181
035 ## - SİSTEM KONTROL NUMARASI
Sistem Kontrol Numarası 13226
040 ## - KATALOGLAMA KAYNAK
Orijinal Kataloglama Ajansı Milas
Kataloglama Dili tur
Metne Dönüştürmek Ajansı TR-AnCHP
041 ## - DİL KODU
Metin / Ses Parça Veya Ayrı Başlığın Dil Kodu tur
082 ## - DEWEY ONLU SINIFLANDIRMA NUMARASI
Sınıflandırma Numarası 342.5610878
Ürün Numarası A86 2000
090 ## - SINIFLAMA NUMARASI
Sınıflama Numarası 342.5610878 A86 2000
111 ## - ANA GİRİŞ - TOPLANTI ADI
Giriş Elemanı Olarak Toplantı Adı Veya Yargı Alanı Adı Avrupa Birliğine giriş sürecinde Türkiye Cumhuriyeti Anayasası ve kadın-erkek eşitliği politikaları paneli
Toplantının Yeri İstanbul
Toplantı Veya Antlaşma İmzalandığı Tarihi 2000
245 ## - BAŞLIK TABLOSU
Başlık Avrupa Birliğine giriş sürecinde Türkiye Cumhuriyeti Anayasası ve kadın-erkek eşitliği politikaları paneli
Sorumluluk Tablosu, Vb Kadının Statüsü ve Sorunları Genel Müdürlüğü
260 ## - YAYIN, DAĞITIM, VB
Yayın, Dağıtım, Vb Yeri Ankara
Yayıncı, Dağıtıcı, Vs Adı [yayl. y.]
Yayın, Dağıtım, Vb Tarihi 2000
300 ## - FİZİKSEL TANIM
Kapsam 117 s.
Boyutlar 23 sm.
650 ## - KONU KATMA GİRİŞ - TOPİKAL DÖNEM
Topikal Süreli Veya Coğrafi Ad Giriş Elemanı Hukuk
Kronolojik Alt Bölümü Toplantılar
Coğrafi Alt Bölümü Türkiye
650 ## - KONU KATMA GİRİŞ - TOPİKAL DÖNEM
Topikal Süreli Veya Coğrafi Ad Giriş Elemanı Kadın-erkek eşitliği
Genel Alt Bölümü AB politikaları
Kronolojik Alt Bölümü Toplantılar
710 ## - KATMA GİRİŞ - KURUMSAL ADI
Giriş Elemanı Olarak Kurumsal Ad Veya Yargı Alanı Adı T.C. Başbakanlık Kadının Statüsü ve Sorunları Genel Müdürlüğü
942 ## - EKLENDİ GİRİŞ ELEMANLARI (KOHA)
Sınıflandırma Veya Raf Düzeni Kaynak Dewey Decimal Classification
Koha Öğesi Türü Books
999 ## - SİSTEM KONTROL NUMARALARI (KOHA)
Koha Biblionumber 4635
Koha Biblioitemnumber 4635
Holdings
Kalıcı Konum Mevcut Konum Edinme Tarihi Edinim Kaynak Toplam Check-Out'Lar Tam Çağrı Numarası Barkod Tarih Son Görülme İtibaren Geçerli Fiyatlar Koha Öğesi Türü
CHP Kütüphanesi CHP Kütüphanesi 08/11/2016 Bağış   342.5610878 A86 2000 000852 08/11/2016 08/11/2016 Books